| 000 | 00356nam a2200145Ia 4500 | ||
|---|---|---|---|
| 008 | 230917s9999||||xx |||||||||||||| ||und|| | ||
| 040 |
_e76076 _aMAIN |
||
| 041 | _aEnglish | ||
| 082 | _a658.8 I8C | ||
| 100 | _aInternational Labour Organisation | ||
| 245 | 0 | _aCreating a market | |
| 260 |
_aNew Delhi _bSterling _c1968 |
||
| 300 | _a178 p. | ||
| 942 | _cBK | ||
| 999 |
_c222229 _d222229 |
||